| 000 -LEADER |
| fixed length control field |
00711cam a2200241Ia 4500 |
| 020 ## - INTERNATIONAL STANDARD BOOK NUMBER |
| ISBN |
0028232194 |
| 020 ## - INTERNATIONAL STANDARD BOOK NUMBER |
| ISBN |
9780028232195 |
| 020 ## - INTERNATIONAL STANDARD BOOK NUMBER |
| ISBN |
0028233875 (teacher's wraparound ed.) |
| 020 ## - INTERNATIONAL STANDARD BOOK NUMBER |
| ISBN |
9780028233871 (teacher's wraparound ed.) |
| 040 ## - CATALOGING SOURCE |
| Transcribing agency |
GAC |
| 082 ## - DEWEY DECIMAL CLASSIFICATION NUMBER |
| Classification number |
909 GLE 1997 A103 Or. |
| 100 1# - MAIN ENTRY--AUTHOR NAME |
| Personal name |
Farah, Mounir |
| 245 10 - TITLE STATEMENT |
| Title |
World history : |
| Remainder of title |
the human experience / |
| 260 ## - PUBLICATION, DISTRIBUTION, ETC. (IMPRINT) |
| Place of publication |
New York : |
| Name of publisher |
Glencoe/McGraw-Hill, |
| Year of publication |
1997 |
| 300 ## - PHYSICAL DESCRIPTION |
| Number of Pages |
xvi, 33, 1088 p. : |
| Other physical details |
ill. (some col.), col. maps ; |
| Dimensions |
29 cm |
| 500 ## - GENERAL NOTE |
| General note |
Includes index |
| 650 #0 - SUBJECT ADDED ENTRY--TOPICAL TERM |
| Topical Term |
History |
| 650 #0 - SUBJECT ADDED ENTRY--TOPICAL TERM |
| Topical Term |
World history |
| 650 #4 - SUBJECT ADDED ENTRY--TOPICAL TERM |
| Topical Term |
Curmats |
| 700 1# - ADDED ENTRY--PERSONAL NAME |
| Personal name |
Karls, Andrea Berens |
| 710 2# - ADDED ENTRY--CORPORATE NAME |
| Corporate name or jurisdiction name as entry element |
National Geographic Society (U.S.) |
| 942 ## - ADDED ENTRY ELEMENTS (KOHA) |
| Koha item type |
សៀវភៅភាសាអង់គ្លេស |
| 952 ## - LOCATION AND ITEM INFORMATION (KOHA) |
| Withdrawn status [LOCAL, KOHA] |
0 |